L'Expressionisme i el teatre /
Descripción Física:
73 p. ; 17 cm
Colección:
Materials pedagògics ; 4
MARC
| LEADER | 00000nam a2200000Ia 4500 | ||
|---|---|---|---|
| 001 | 8726 | ||
| 008 | 160829s1988 xx 000 0 cat d | ||
| 080 | |a B-1-253 | ||
| 100 | |a Siguán Boehmer, Marisa |9 19605 | ||
| 245 | |a L'Expressionisme i el teatre / |c Marisa Siguán | ||
| 260 | |a Barcelona : |b Institut del Teatre, Diputació de Barcelona, |c 1988 | ||
| 300 | |a 73 p. ; |c 17 cm | ||
| 490 | |a Materials pedagògics ; 4 | ||
| 650 | |a Expressionisme (Literatura) |9 19606 | ||
| 650 | |a Teatre |x S. XX |x Història i crítica |9 19607 | ||
| 710 | 1 | |a Institut del Teatre (Barcelona, Catalunya) |9 52662 | |
| 901 | |a Arxiu | ||
| 942 | |n 1 | ||
| 952 | |0 0 |1 0 |4 0 |6 B1253 |7 1 |9 41284 |a Arxiu |b Arxiu |d 2016-12-01 |l 0 |o B-1-253 |p 8726 |r 2016-12-01 00:00:00 |w 2016-12-01 |y ARXIU | ||
| 999 | |c 43067 |d 43067 | ||